Perspectives on Organizational Communication (Record no. 5203)
[ view plain ]
| 005 - DATE AND TIME OF LATEST TRANSACTION | |
|---|---|
| control field | 20250626065958.0 |
| 020 ## - INTERNATIONAL STANDARD BOOK NUMBER | |
| International Standard Book Number | 0-697-28896-X |
| 082 ## - DEWEY DECIMAL CLASSIFICATION NUMBER | |
| Classification number | 658.45 DAN |
| 100 ## - MAIN ENTRY--PERSONAL NAME | |
| Author name | DANIELS,Tom D. |
| 245 ## - TITLE STATEMENT | |
| Title | Perspectives on Organizational Communication |
| 250 ## - EDITION STATEMENT | |
| Edition statement | 4th Ed |
| 260 ## - PUBLICATION, DISTRIBUTION, ETC. | |
| Place of publication, distribution, etc. | Boston |
| Name of publisher, distributor, etc. | McGraw .Hill |
| Date of publication, distribution, etc. | 1997 |
| 300 ## - PHYSICAL DESCRIPTION | |
| Extent | xvi,333p.;illFigure |
| Other physical details | Index |
| Dimensions | 24cm |
| 700 ## - ADDED ENTRY--PERSONAL NAME | |
| Other authors/Editors | Barry K.Spiker,Michael J Papa. |
| 942 ## - ADDED ENTRY ELEMENTS (KOHA) | |
| Source of classification or shelving scheme | Dewey Decimal Classification |
| Koha item type | Books |
| Date last seen | Total checkouts | Full call number | Barcode | Cost, replacement price | Price effective from | Koha item type | Lost status | Source of classification or shelving scheme | Damaged status | Not for loan | Withdrawn status | Home library | Current library | Shelving location | Date acquired | Source of acquisition | Cost, normal purchase price |
|---|---|---|---|---|---|---|---|---|---|---|---|---|---|---|---|---|---|
| 06/26/2025 | 658.45 DAN | MZA0002203 | 90000.00 | 06/26/2000 | Books | Dewey Decimal Classification | CBE Mwanza | CBE Mwanza | General Collection | 06/26/2000 | Library Budget | 30000.00 | |||||
| 06/26/2025 | 658.45 DAN | MZA0002204 | 90000.00 | 06/26/2000 | Books | Dewey Decimal Classification | CBE Mwanza | CBE Mwanza | General Collection | 06/26/2000 | Library Budget | 30000.00 | |||||
| 06/26/2025 | 658.45 DAN | MZA0002205 | 90000.00 | 06/26/2000 | Books | Dewey Decimal Classification | CBE Mwanza | CBE Mwanza | General Collection | 06/26/2000 | Library Budget | 30000.00 | |||||
| 06/26/2025 | 658.45 DAN | MZA0002206 | 90000.00 | 06/26/2000 | Books | Dewey Decimal Classification | CBE Mwanza | CBE Mwanza | General Collection | 06/26/2000 | Library Budget | 30000.00 | |||||
| 06/26/2025 | 658.45 DAN | MZA0002207 | 90000.00 | 06/26/2000 | Books | Dewey Decimal Classification | CBE Mwanza | CBE Mwanza | General Collection | 06/26/2000 | Library Budget | 30000.00 | |||||
| 06/26/2025 | 658.45 DAN | MZA0002208 | 90000.00 | 06/26/2000 | Books | Dewey Decimal Classification | CBE Mwanza | CBE Mwanza | General Collection | 06/26/2000 | Library Budget | 30000.00 |
